Nihon kindai kadan shi : Araragi no keifu /

Disimpan dalam:
Butiran Bibliografi
Pengarang Utama: Hiyama, Shindō.
Format: Buku
Bahasa:Japanese
Diterbitkan: [Ise] : Yadorigi Tankakai, [1970?]
Subjek-subjek:
Penanda-penanda: Tambah Penanda
Tiada Penanda, Jadilah orang pertama menanda rekod ini!
LEADER 01187nam a2200349 i 4500
001 007712855-9
005 20024617122053.0
008 980218s1970 ja b 000 0 jpn
010 |a 73802981 /J 
015 |a Ja72-11215 
035 0 |a ocm38462843 
040 |a DLC  |c *YNH*  |d CStRLIN 
050 0 0 |a PL728  |b .H55 
100 1 |6 880-01  |a Hiyama, Shindō. 
245 1 0 |6 880-02  |a Nihon kindai kadan shi :  |b Araragi no keifu /  |c Hiyama Shindō cho. 
246 1 |6 880-03  |i On t. p.:  |a Kindai Nihon kadan shi 
260 |6 880-04  |a [Ise] :  |b Yadorigi Tankakai,  |c [1970?] 
300 |a 144 p. ;  |c 22 cm. 
500 |a Cover title. 
500 |a 500 copies printed. 
504 |a Bibliography: p. 143-144. 
650 0 |a Waka  |x History and criticism. 
650 0 |a Japanese poetry  |y 20th century  |x History and criticism. 
650 0 |a Poets, Japanese. 
610 2 0 |6 880-05  |a Araragi. 
880 1 |6 100-01  |a 檜山信道. 
880 1 0 |6 245-02  |a 日本近代歌壇史 :  |b アララギの系譜 /  |c 檜山信道著. 
880 1 |6 246-03  |i On t. p.:  |a 近代日本歌壇史 
880 |6 260-04  |a [伊勢] :  |b やどりぎ短歌会,  |c [1970?] 
880 2 0 |6 610-05  |a アララギ. 
988 |a 20021221 
906 |0 DLC